Owoc, który łatwo rozpoznać, dotykając go. - Statystyki

Ogólne statystyki
  • Ten quiz został rozwiązany 46 razy
  • Średni wynik to 4 z 6
Statystyki odpowiedzi
Odpowiedź % Poprawnych
banan
88%
gruszka
73%
kiwi
71%
ananas
68%
brzoskwinia
37%
granat
27%
Nie znaleziono quizów pasujących do podanych kryteriów
Rozkład punktacji
Procent ludzi z każdym wynikiem
Percentyl według liczby udzielonych odpowiedzi
Twoja historia wyników
Nie rozwiązałeś tego quizu